• 首页
  • 本馆介绍
  • 公告通知
  • 最新文献
  • 馆藏检索
  • 电子资源
  • 读者导购
  • 参考咨询
  • 我的图书馆
  • 登录
  • 详细信息显示
  • 放入我的书架
  • 预约/预借图书
  • 作者相关作品
  • 分类相关作品
  • 丛书相关作品
  • 出版社相关作品

书目信息

  • 表格格式
  • 工作单格式
  • 卡片格式
题名:
物体受力分析
    
 
作者: 袁克群 编著
分册:  
出版信息: 天津   天津科学技术出版社  1983
页数: 196页
开本: 19cm
丛书名: 高中物理丛书
单 册:
中图分类: G634.7 , G633.6
科图分类:
主题词: 物理--高中--教学参考资料 , 教育--各级
电子资源:
ISBN:
000 00753nam2 2200289 45
001 0183009375
005 20041103114801.4
010    @dCNY0.55
091    @a13212.51
100    @a19950428d1983 em y0chiy0121 ea
101 0  @achi
102    @aCN@b120000
105    @ay z 000yy
106    @ar
200 10 @a物体受力分析@Awu ti shou li fen xi@f袁克群编著
210    @a天津@c天津科学技术出版社@d1983
215    @a196页@d19cm
225 2  @a高中物理丛书
410  0 @120010@a高中物理丛书
606    @a物理@x高中@x教学参考资料
606 0  @a教育@x各级
690    @aG634.7@v3
690    @aG633.6@v3
701  0 @a袁克群@Ayuan ke qun@4编著
801  0 @aCN@b上海图书馆@c20030108
801  2 @aCN@bNLC@c20030108
905    @dG633.6@e79@f1@b158946
    
    物体受力分析/袁克群编著.-天津:天津科学技术出版社,1983
    196页;19cm.-(高中物理丛书)
    
    
    ISBN :CNY0.55
    
●
相关链接 在E读中查询图书 在五车中查询图书 在当当中查询图书 在豆瓣中查询图书


正题名:物体受力分析     索取号:G633.6/79         预约/预借

序号 登录号 条形码 馆藏地/架位号 状态 备注
1 0158945   000617185   密集书库/ [索取号:G633.6/79] 在馆    
2 0158946   001952961   第一样本阅览室/ [索取号:G633.6/79] 在馆    
3 0158947   000617194   密集书库/ [索取号:G633.6/79] 在馆    
唐山师范学院图书馆 欢迎您!
大连网信软件有限公司© 版权所有